Statistics for North Korea Country Quiz

Click here to take the quiz!

General Stats

  • This quiz has been taken 1,006 times
    (972 since last reset)
  • The average score is 10 of 20

Answer Stats

QuestionAnswer% Correct
What is the capital city of North Korea?Pyongyang
97%
Who is the current supreme leader of North Korea?Kim {Jong}-{un}
88%
What caused the death of around 3.5 million people in the 1990s?Famine
78%
What type of weapon did North Korea first test in 9th October 2006?Nuclear Weapon
78%
Who succeeded the above and ruled the country until his death in 2011?Kim {Jong}-{il}
75%
What name is given to the strip of land between North Korea and South Korea?{Demilitarized} Zone
73%
What sea does North Korea border to its west?Sea of Japan
73%
Who is considered to be the founder of North Korea?Kim {Il}-{sung}
66%
What is the full English name of North Korea?{Democratic} {People}'{s}
Republic of Korea
54%
What sea does North Korea border to its east?Yellow Sea
50%
What is the official currency of North Korea?Won
48%
What term is often used to refer to North Korea?{Hermit} Kingdom
47%
In what city did the above meet with Donald Trump in 12th June 2018?Singapore
39%
Part of whose "Axis of Evil" is North Korea, along with Iran and Iraq?George W. Bush
38%
What name is given to the North Koreans who flee to other countries?North Korean {Defectors}
36%
What is the official state ideology of North Korea?Juche
30%
What was the bloodiest battle of the Korean War?{Pusan} Perimeter
14%
What Chinese province with a major Korean minority does North Korea border?Jilin
13%
What is the name of the second most populous city in North Korea?Hamhung
11%
What form of performing art or gymnastic is North Korea famous for?{Mass} Games
11%

Score Distribution

Percentile by Number Answered

Percent of People with Each Score

Your Score History

You have not taken this quiz since the last reset